000 00859nam a2200277 4500
001 19360
003 ES-MaACL
005 20260526170708.0
007 t|
008 020715s2001 sp |||| | spa d
020 _a84-931504-5-2
080 _a329.285(460)"18/19"
100 1 _aBookchin, Murray,
_d1921-2006
_9242241
245 1 4 _aLos anarquistas españoles
_b: los años heroicos 1868-1936 /
_cMurray Bookchin ; traducción de Ernesto Rubio.
250 _a2ª ed.
260 _aValencia :
_bNuma,
_c2001.
300 _a457 p ;
_c21 cm.
490 1 _a¡Viva la República! ;
_v1
650 7 _aAnarquismo
_2embne
_99783
650 4 _aAnarquismo-
_zEspaña-
_vHistoria.
_9151458
700 1 _aRubio, Ernesto.
_9100342
830 1 _a¡Viva la República! ;
_v1
_9243135
852 _aES-MaACL
_jL-25773
942 _2udc
999 _c19360
_d19360